| 000 | 02801nam a22002177a 4500 | ||
|---|---|---|---|
| 999 |
_c4502 _d4502 |
||
| 003 | DO-SdBJH | ||
| 005 | 20180730144938.0 | ||
| 008 | 180730b ||||| |||| 00| 0 spa d | ||
| 020 | _a968-880-155-0 | ||
| 040 |
_aDO-SdBJH _bspa _cDO-SdBJH |
||
| 082 | _aMEX 658 S877a 1989 | ||
| 100 | _aStoner, James A.F. | ||
| 245 | 1 | 0 | _aAdministración |
| 250 | _a3ra edición | ||
| 260 | _aMéxico: Copyright, 1989 | ||
| 300 | _a826 páginas | ||
| 505 | _aIntroducción a la Administración .................1 Administración y Admistradores ...................2 Evolución de la Teória Administrativa ..........30 Etica, Responsabilidad Social y el Ambiente Externo de las Organizaciones ..............................................61 Parte 2 Planificación y Toma de Decisiones ............97 Como hacer eficazla planeación .................98 Planeación Estrategica .................................127 Solución de Problemas y Toma de Desiciones........162 Ayudas para la Planeción y Solución de Problemas 193 Administración de Operaciones y Productividad .......225 Organización para Conseguir la Estabilidad y el Cambio .....265 División del Trabajo y Estructura Organizacional .......266 Coordinación y Diseño Organizacional .................299 Autoridad, Delegación y Descentralizalición................ 337 Dotación de Personal y Administración de Recursos Humanos..........................................................................363 Manejo del Cambio y Desarrollo Organizacional ........402 Administración de Conflicto Organizacional ................432 Motivación, Desempeño y Satisfación ..........................474 Liderazgo...........................................................................505 Grupos y Comites .............................................................534 Comunicación Interpersonal y Organizacional..............565 Carreras Organizacionales y Desarrollo Individual .....598 Control, Sistemas de Información y Administración Internacional ......................................................................653 Métodos de Contral Financiero .......................................678 Sistemas de Información y Control .................................709 Administración Internacional............................................749 Glosario...............................................................................790 Indice de Campañas .........................................................803 Indice de Nombres ............................................................805 Indice analítico....................................................................811 | ||
| 650 | _aMéxico-Administración | ||
| 700 | _aWankel, Charles | ||
| 942 |
_2ddc _cBK |
||